| 000 | 00604cam a2200193 a 4500 | ||
|---|---|---|---|
| 020 | _a0834801728 | ||
| 040 | _cDLC | ||
| 082 | 0 | 0 | _a952 WEA 1982 A114 Or. |
| 100 | 1 | _aFraser, Hugh, | |
| 245 | 1 | 2 |
_aA diplomat's wife in Japan : _bsketches at the turn of the century / |
| 250 | _a1st ed. | ||
| 260 |
_aNew York : _bWeatherhill, _c1982. |
||
| 300 |
_axxxi, 351 p., [8] p. of plates : _bill. ; _c24 cm. |
||
| 500 | _aAbridgement of: A diplomatist's wife in Japan. 2 v. London : Hutchinson, 1899. | ||
| 500 | _aIncludes index. | ||
| 650 | 0 | _aDiplomats' spouses | |
| 700 | 1 | _aCortazzi, Hugh. | |
| 942 | _cEK | ||
| 999 |
_c16724 _d16724 |
||